English Rugby League Teams - Statistics

General Stats
  • This quiz has been taken 94 times
  • The average score is 20 of 33
Answer Stats
Answer % Correct
Warrington
92%
Hull
91%
Leeds
91%
Wigan
91%
St Helens
90%
Bradford
86%
Castleford
82%
London
81%
Wakefield
81%
Salford
78%
KR
76%
Huddersfield
74%
Leigh
74%
Widnes
73%
Sheffield
72%
York
67%
Newcastle
58%
Halifax
55%
Batley
54%
Barrow
51%
Dewsbury
51%
Oldham
51%
Featherstone
49%
Rochdale
47%
Doncaster
46%
Whitehaven
46%
Workington
46%
Keighley
42%
Hunslet
41%
Swinton
37%
North Wales
29%
Cornwall
28%
Midlands
17%
No matching quizzes found
Score Distribution
Percent of People with Each Score
Percentile by Number Answered
Your Score History
You have not taken this quiz